1976 Annual book of ASTM standards: Rubber products, industrial specifications and related test methods; gaskets; tires Pt 38 (Record no. 26406)

MARC details
000 -LEADER
fixed length control field 00391nam a2200109Ia 4500
082 ## - DEWEY DECIMAL CLASSIFICATION NUMBER
Classification number NR:62(083.74)AST1976
Item number ANN.38
245 #0 - TITLE STATEMENT
Title 1976 Annual book of ASTM standards: Rubber products, industrial specifications and related test methods; gaskets; tires Pt 38
260 ## - PUBLICATION, DISTRIBUTION, ETC. (IMPRINT)
Place of publication Philadelphia
Name of publisher ASTM
Year of publication 1976
650 ## - SUBJECT ADDED ENTRY--TOPICAL TERM
Topical Term Rubber test methods
942 ## - ADDED ENTRY ELEMENTS (KOHA)
Koha item type Books
Holdings
Withdrawn status Lost status Damaged status Not for loan Home library Current library Date acquired Cost, normal purchase price Full call number Accession Number Koha item type
        RRII Library RRII Library 16/12/2021 228.00 NR:62(083.74)AST1976 ANN.38 07042 Books